00816naa#a2200193#i#4500001001600000005001700016011001400033100004100047101000800088102000700096200013100103210008300234215001000317608004500327675011000372700005200482700006800534856002000602RU\\bibl\12540620260630005230.2##a2077-7566##a20260629b2026####ek#y0rusy0150####ca0#aRUS##aRU1#aАНАЛИЗ СИСТЕМЫ И МОДИФИКАЦИЯ АБАТМЕНТ-МУЛЬТИЮНИТeЖурнальная статья1#aЕкатеринбургcИздательский Дом «ТИРАЖ»d2026##a5 с.##aЖурнальная статья2local##aСтоматология. Заболевания ротовой полости и зубов. 616.31zRUS#1aАзимовgИсмагил Гумерович#1aКиртаеваgАнастасия Владиславовна4#adental-press.ru